LabVIEW digital signal processing (Бичлэгийн дугаар. 145465)
| 000 -УДИРДЛАГА | |
|---|---|
| Удирдлага | 00918nam a22003017a 4500 |
| 003 - ХЯНАЛТЫН ТОО ТОДОРХОЙЛОГЧ | |
| Код | MN-UlNUM |
| 005 - БИЧИЛТ ХИЙСЭН ОГНОО | |
| Тухайн бичилтийг бичсэн засварласан сүүлийн огноо | 20251111133254.0 |
| 008 - ЕРӨНХИЙ МЭДЭЭЛЭЛ | |
| Ерөнхий мэдээлэл | 251111s2005 nyuab||| |||| 001 0 eng | |
| 020 ## - ISBN | |
| ISBN | 0071444920 |
| 040 ## - БИЧЛЭГ ҮҮСГЭГЧ БАЙГУУЛЛАГА | |
| Бичлэг үүсгэгч номын сангийн код | МУИС-ийн номын сан |
| 084 ## - ББК АНГИЛАЛ | |
| Нэмэлт тусгалт | Нэг сэдэвт бүтээл |
| ББК ангилал | 32.973.202-04 |
| Зохиогчийн гурван тэмдэгт | C 59 |
| Мэдлэгийн ялгаа | 3 - Техник |
| 100 1# - ЗОХИОГЧ | |
| Зохиогчийн нэр | Clark, Cory L. |
| 245 10 - ҮНДСЭН ГАРЧИГ | |
| Номын нэр | LabVIEW digital signal processing |
| Бага гарчгийн мэдээ | and digital communications |
| Оролцогчдын тухай мэдээ | Cory L. Clark. |
| 260 ## - ГАРАЛТЫН МЭДЭЭ | |
| Хэвлэгдсэн газар | New York |
| Хэвлэлийн газар | McGraw-Hill, |
| Хэвлэгдсэн он | 2005. |
| 300 ## - МАТЕРИАЛЫН ТОДОРХОЙЛОЛТ | |
| хуудасны тоо | xiii, 205 p. : |
| Бусад тоон мэдээлэл | ill. ; |
| Хэмжээ | 24 cm. |
| 500 ## - Тайлбар | |
| Дансны дугаар | БС 2079 |
| 546 ## - ХЭЛНИЙ ТУХАЙ МЭДЭЭ | |
| Хэл | Англи хэл дээр, |
| 653 ## - Түлхүүр үг | |
| Түлхүүр үг | signal processing |
| 653 ## - Түлхүүр үг | |
| Түлхүүр үг | digital techniques. |
| 740 ## - НОМЫН ГАРЧИГ | |
| Гарчиг | Digital Communications and LabVIEW |
| 740 ## - НОМЫН ГАРЧИГ | |
| Гарчиг | Getting a Signal into LabVIEW |
| 740 ## - НОМЫН ГАРЧИГ | |
| Гарчиг | Building Blocks |
| 740 ## - НОМЫН ГАРЧИГ | |
| Гарчиг | Digital Filters |
| 740 ## - НОМЫН ГАРЧИГ | |
| Гарчиг | Multirate Signal Processing in LabVIEW |
| 942 ## - ЭЛЕМЕНТИЙН ТӨРӨЛ | |
| Зүйлийн төрөл | Ном |
